When The Pawn...-Album (Fiona Apple) - Statistics

General Stats
  • This quiz has been taken 61 times
  • The average score is 9 of 10
Answer Stats
Hint Answer % Correct
5. Paper Bag
98%
9. Get Gone
92%
3. Limp
90%
1. On The Bound
90%
7. Fast As You Can
88%
10. I Know
88%
6. A Mistake
85%
2. To Your Love
85%
4. Love Ridden
79%
8. The Way Things Are
77%
No matching quizzes found
Score Distribution
Percent of People with Each Score
Percentile by Number Answered
Your Score History
You have not taken this quiz